[Event "8th Gibtelecom Masters"]
[Site "Caleta ENG"]
[Date "2010.01.27"]
[Round "2"]
[White "Pettersen,J"]
[Black "Perez Pardo,J"]
[Result "0-1"]
[WhiteElo "2020"]
[BlackElo "2297"]
[EventDate "2010.01.26"]

1. d4 d5 2. Nf3 Nf6 3. g3 c6 4. Bg2 Bf5 5. O-O e6 6. c4 Nbd7 7. Nc3 dxc4 8.
a4 a5 9. Nh4 Bg4 10. h3 Bh5 11. g4 Nd5 12. Ne4 Bxg4 13. Bg5 f6 14. hxg4
fxg5 15. Nf3 Be7 16. Qc1 O-O 17. Nfxg5 Nf4 18. Nxe6 Nxe2+ 19. Kh1 Nxc1 20.
Nxd8 Raxd8 21. Rfxc1 Nb6 22. Rd1 Rd7 23. Nc5 Bxc5 24. dxc5 Rxd1+ 25. Rxd1
Nxa4 26. Ra1 Nxc5 27. Rxa5 Nd3 28. Ra7 Rf7 29. Ra8+ Rf8 30. Ra7 Rxf2 31.
Rxb7 Rxb2 32. Rc7 Ne5 33. Re7 c3 0-1

[Event "8th Gibtelecom Masters"]
[Site "Caleta ENG"]
[Date "2010.01.27"]
[Round "2"]
[White "Videnova,I"]
[Black "Hawkins,Ja"]
[Result "1-0"]
[WhiteElo "2301"]
[BlackElo "2019"]
[EventDate "2010.01.26"]

1. c4 e5 2. g3 Nf6 3. Bg2 Nc6 4. Nc3 Bb4 5. Nd5 Nxd5 6. cxd5 Nb8 7. Nf3 Qe7
8. O-O O-O 9. d4 e4 10. Ne5 Na6 11. Qc2 f5 12. f3 exf3 13. Bxf3 Qf6 14. h4
h6 15. h5 Re8 16. Qd3 c5 17. Bg4 d6 18. Bxf5 Bxf5 19. Rxf5 Qe7 20. Ng6 Qxe2
21. Rf8+ Rxf8 22. Qxe2 Rae8 23. Ne7+ Kh8 24. Bxh6 gxh6 25. Qe6 Bd2 26. Rf1
Rxf1+ 27. Kxf1 1-0

[Event "8th Gibtelecom Masters"]
[Site "Caleta ENG"]
[Date "2010.01.27"]
[Round "2"]
[White "Seitz,B"]
[Black "Royset,P"]
[Result "1/2-1/2"]
[WhiteElo "2017"]
[BlackElo "2279"]
[EventDate "2010.01.26"]

1. d4 Nf6 2. Nf3 e6 3. e3 c5 4. Bd3 b6 5. Nbd2 Bb7 6. c3 d6 7. O-O Be7 8.
Qe2 Qc7 9. e4 Nbd7 10. b4 O-O 11. Bb2 e5 12. bxc5 bxc5 13. Nc4 Rab8 14.
dxe5 dxe5 15. Qc2 Nh5 16. Bc1 Nf4 17. Bxf4 exf4 18. Nfd2 Bf6 19. f3 g6 20.
Rfd1 Rbd8 21. Be2 Rfe8 22. Nb3 Nb6 23. Nxb6 axb6 24. Bb5 c4 25. Nd4 Re5 26.
a4 Rc5 27. Ne2 Rxd1+ 28. Rxd1 Bc8 29. Qd2 Be5 30. Qd8+ Kg7 31. Qxc7 Rxc7
32. Rd8 Kf6 33. g3 g5 34. h4 h6 35. hxg5+ hxg5 36. gxf4 gxf4 37. Kf2 Ke7
38. Re8+ Kd6 39. Rd8+ Bd7 40. Ke1 Bf6 41. Rxd7+ Rxd7 42. Bxd7 Kxd7 43. Kd2
Kc7 44. Nd4 Be7 45. Kc2 Kb7 46. Kb2 Ka6 47. Nc6 1/2-1/2

[Event "8th Gibtelecom Masters"]
[Site "Caleta ENG"]
[Date "2010.01.27"]
[Round "2"]
[White "Schuetze,N"]
[Black "Odeh,K"]
[Result "1-0"]
[WhiteElo "2269"]
[BlackElo "2012"]
[EventDate "2010.01.26"]

1. e4 c6 2. d4 d5 3. exd5 cxd5 4. c4 Nf6 5. Nc3 Nc6 6. a3 e6 7. Nf3 dxc4 8.
Bxc4 Be7 9. O-O O-O 10. Bg5 Nd5 11. Bxe7 Ncxe7 12. Qb3 a6 13. Rfe1 b5 14.
Bxd5 Nxd5 15. Nxd5 exd5 16. Re5 Bb7 17. Rae1 Rc8 18. Qd3 h6 19. h3 Bc6 20.
Nh2 Qd6 21. Qg3 Bd7 22. Nf1 Rc2 23. Ne3 Rxb2 24. Nxd5 Be6 25. Qc3 Rxf2 26.
Kxf2 Bxd5 27. Qc5 Qf6+ 28. Kg1 Be6 29. d5 Rc8 30. Qb6 Bd7 31. Qxf6 gxf6 32.
Re7 Rd8 33. R7e4 a5 34. Rc1 Kf8 35. Rc7 Be8 36. Rd4 b4 37. axb4 axb4 38.
Rb7 b3 39. Rxb3 Ke7 40. Rb6 f5 41. Rxh6 f6 42. d6+ Ke6 43. Rh7 Bf7 44. Rd2
Rd7 45. h4 f4 46. h5 f5 47. Rh6+ Ke5 48. Re2+ 1-0

[Event "8th Gibtelecom Masters"]
[Site "Caleta ENG"]
[Date "2010.01.27"]
[Round "2"]
[White "Stephan,Ax"]
[Black "Campbell,I"]
[Result "1-0"]
[WhiteElo "2252"]
[BlackElo "2002"]
[EventDate "2010.01.26"]

1. e4 g6 2. d4 Bg7 3. c4 c5 4. d5 Qa5+ 5. Nd2 d6 6. Bd3 Nf6 7. f4 Na6 8.
Ngf3 Bh6 9. O-O Qb6 10. g3 Bh3 11. Re1 O-O 12. Bf1 Bxf1 13. Nxf1 Bg7 14. e5
Ne8 15. b3 Nac7 16. Ne3 Rd8 17. Qc2 e6 18. dxe6 fxe6 19. Bb2 d5 20. h4 Qc6
21. Ng5 d4 22. Ng4 Rf5 23. Nf2 a5 24. Nd3 b6 25. Re2 Bh6 26. Ne4 Rf8 27.
Rae1 Rd7 28. Rh2 Rdf7 29. h5 Rg7 30. hxg6 Rxg6 31. Qg2 Qd7 32. Bc1 Bg7 33.
Kf2 a4 34. Reh1 h6 35. Ke1 axb3 36. axb3 Na6 37. Qf3 Rf5 38. Ra2 Nb4 39.
Nxb4 cxb4 40. Qd3 Bf8 41. Rd2 Bc5 42. Bb2 Qg7 43. Bxd4 Bxd4 44. Qxd4 Rxg3
45. Nxg3 Qxg3+ 46. Rf2 Kh7 47. Kf1 Qxb3 48. Rg1 Ng7 49. Rxg7+ Kxg7 50. Rg2+
Kf7 51. Qd7+ Kf8 52. Qd8+ Kf7 53. Qg8+ Ke7 54. Rg7+ Rf7 55. Rxf7+ 1-0

[Event "8th Gibtelecom Masters"]
[Site "Caleta ENG"]
[Date "2010.01.27"]
[Round "2"]
[White "Perez Reisler,J"]
[Black "Meskovs,N"]
[Result "0-1"]
[WhiteElo "2001"]
[BlackElo "2264"]
[EventDate "2010.01.26"]

1. e4 c5 2. Nf3 e6 3. d4 cxd4 4. Nxd4 a6 5. Bd3 Qc7 6. Qe2 d6 7. O-O Nf6 8.
c4 Nbd7 9. f4 Be7 10. Nc3 g6 11. Be3 b6 12. Rac1 Bb7 13. f5 gxf5 14. exf5
e5 15. Nd5 Bxd5 16. cxd5 Qb7 17. Nc6 Nxd5 18. Nxe7 Nxe7 19. Bh6 Nc5 20. f6
Nc6 21. Bg7 Nd4 22. Qd1 Nxd3 23. Qxd3 Rg8 24. Rfe1 Kd8 25. Qxh7 Re8 26. Rc4
Qd5 27. Qd3 b5 28. Rc3 Qxa2 29. Rec1 Qd5 30. Kh1 e4 31. Qh3 Ne6 32. Qe3 Nc5
33. b4 Nd7 34. Qa7 Qd1+ 35. Rxd1 Rxa7 36. Rxd6 Rc7 37. Rxc7 Kxc7 38. Rxa6
e3 39. Ra7+ Kd6 40. Ra6+ Kd5 41. Ra1 e2 42. Re1 Re4 43. Kg1 Ne5 44. h4 Nd3
45. Rxe2 Rxe2 46. h5 Nf4 47. h6 Rxg2+ 48. Kh1 Rg4 49. Kh2 Ke4 0-1

[Event "8th Gibtelecom Masters"]
[Site "Caleta ENG"]
[Date "2010.01.27"]
[Round "2"]
[White "Marder,S"]
[Black "Schoene,Mar"]
[Result "0-1"]
[WhiteElo "1993"]
[BlackElo "2251"]
[EventDate "2010.01.26"]

1. d4 Nf6 2. Nc3 g6 3. e4 d6 4. Bg5 h6 5. Bxf6 exf6 6. Bd3 Nc6 7. Bb5 a6 8.
Bxc6+ bxc6 9. Qf3 Bg7 10. Nge2 O-O 11. O-O Rb8 12. b3 a5 13. Rad1 Ba6 14.
Rfe1 Re8 15. h3 h5 16. Ng3 Re7 17. Nxh5 gxh5 18. Qxh5 Qe8 19. Qxa5 Bc8 20.
Qh5 f5 21. e5 Bd7 22. f4 f6 23. Qh4 fxe5 24. dxe5 dxe5 25. fxe5 Rxe5 26.
Rxe5 Qxe5 27. Rxd7 Qxc3 28. Qe7 Rf8 29. Rxc7 Qd4+ 30. Kh1 Qa1+ 31. Kh2 Be5+
32. g3 Bxc7 33. Qxc7 Re8 0-1

[Event "8th Gibtelecom Masters"]
[Site "Caleta ENG"]
[Date "2010.01.27"]
[Round "2"]
[White "Overeem,M"]
[Black "Mikalsen,E"]
[Result "1-0"]
[WhiteElo "2245"]
[BlackElo "1973"]
[EventDate "2010.01.26"]

1. c4 f5 2. g3 Nf6 3. Bg2 g6 4. d4 Bg7 5. Nf3 d6 6. O-O O-O 7. Nc3 c6 8. b3
h6 9. Bb2 Be6 10. d5 Bf7 11. Nd4 Qc8 12. Qd2 c5 13. Ne6 Bxe6 14. dxe6 Nc6
15. Nd5 Kh7 16. Rae1 Rb8 17. e4 Qxe6 18. exf5 Qxf5 19. Nxe7 Nxe7 20. Rxe7
b5 21. cxb5 d5 22. Qa5 d4 23. Qxa7 Nh5 24. Be4 Qh3 25. Qxc5 Rbe8 26. Bg2
Qg4 27. Rfe1 Rxe7 28. Qxe7 Qf5 29. Bxd4 Rf7 30. Qe3 Qxb5 31. Bxg7 Nxg7 32.
a4 Qb4 33. Bd5 Nf5 34. Qe8 Nd6 35. Qe5 Rf5 36. Qe7+ Kh8 37. Qd8+ 1-0

[Event "8th Gibtelecom Masters"]
[Site "Caleta ENG"]
[Date "2010.01.27"]
[Round "2"]
[White "Duhayon,Y"]
[Black "Webster,R"]
[Result "1-0"]
[WhiteElo "2241"]
[BlackElo "1961"]
[EventDate "2010.01.26"]

1. d4 d5 2. Nf3 c6 3. c4 Nf6 4. Qc2 e6 5. Bg5 h6 6. Bh4 Nbd7 7. e3 Qa5+ 8.
Nc3 dxc4 9. Bxc4 b5 10. Bb3 Bb7 11. O-O Rc8 12. Ne5 Nxe5 13. dxe5 Nd5 14.
Rfd1 g5 15. Bg3 Be7 16. Qd3 Rd8 17. Bxd5 b4 18. Bxc6+ Bxc6 19. Qc4 Bxg2 20.
Rxd8+ Bxd8 21. Kxg2 bxc3 22. bxc3 O-O 23. Rd1 Bb6 24. h4 Qa3 25. hxg5 hxg5
26. Qg4 Qe7 27. Bh4 f6 28. exf6 Qb7+ 29. Kg1 Kf7 30. Qh5+ 1-0

[Event "8th Gibtelecom Masters"]
[Site "Caleta ENG"]
[Date "2010.01.27"]
[Round "2"]
[White "Al Tamimi,H"]
[Black "Boesch,U"]
[Result "1-0"]
[WhiteElo "2238"]
[BlackElo "2095"]
[EventDate "2010.01.26"]

1. e4 d5 2. exd5 Nf6 3. Nf3 Nxd5 4. d4 g6 5. Be2 Bg7 6. O-O O-O 7. c3 c6 8.
Re1 Qc7 9. Na3 Nd7 10. Nc4 N5b6 11. Bg5 Re8 12. Bh4 Nxc4 13. Bxc4 e6 14. a4
b6 15. Qb3 Nf6 16. Bg3 Qb7 17. Ne5 Nd5 18. Nxc6 Bd7 19. Ne5 Rec8 20. Nxd7
Qxd7 21. Ba6 Rd8 22. a5 Bf8 23. Bb5 Qc8 24. Ra4 Bd6 25. Rc4 Nc7 26. Bh4 Rf8
27. axb6 axb6 28. Rc6 Ra5 29. Be2 1-0

[Event "8th Gibtelecom Masters"]
[Site "Caleta ENG"]
[Date "2010.01.27"]
[Round "2"]
[White "Rioseco Pinochet,F"]
[Black "Grant,D SCO"]
[Result "1-0"]
[WhiteElo "2226"]
[BlackElo "1913"]
[EventDate "2010.01.26"]

1. e4 g6 2. d4 Bg7 3. Nc3 d6 4. Be3 a6 5. Qd2 Nd7 6. h4 b5 7. h5 Bb7 8. f3
c5 9. dxc5 Nxc5 10. Bd4 Bh6 11. Qf2 e5 12. Be3 Bxe3 13. Qxe3 Qa5 14. hxg6
fxg6 15. Qd2 O-O-O 16. O-O-O Ne7 17. Kb1 b4 18. Nd5 Bxd5 19. exd5 Rd7 20.
Bc4 Kb7 21. a3 Qc7 22. axb4 Na4 23. Qd3 Qb6 24. Qb3 Rc7 25. Bd3 Nc5 26.
bxc5 Qxb3 27. cxb3 Rxc5 28. Ne2 Kb6 29. Nc3 Ka5 30. b4+ Kxb4 31. Rh4+ 1-0

[Event "8th Gibtelecom Masters"]
[Site "Caleta ENG"]
[Date "2010.01.27"]
[Round "2"]
[White "Lyell,M"]
[Black "Pereira,Joh"]
[Result "1-0"]
[WhiteElo "2224"]
[BlackElo "1892"]
[EventDate "2010.01.26"]

1. e4 c6 2. d4 d5 3. exd5 cxd5 4. c4 dxc4 5. Bxc4 Qc7 6. Bd3 Nf6 7. Nc3 e6
8. Nf3 Be7 9. O-O O-O 10. Bg5 Nc6 11. Rc1 Qa5 12. a3 Rd8 13. Bd2 Qh5 14.
Ne2 Bd6 15. Nf4 Bxf4 16. Bxf4 Nd5 17. Bg3 Nce7 18. Re1 Ng6 19. Qb3 b6 20.
Ne5 Bb7 21. Be2 Qg5 22. Bf3 Rac8 23. Rcd1 Nh4 24. Be4 Nf5 25. f4 Qf6 26.
Ng4 Qg6 27. Ne5 Qh5 28. Bf2 Nd6 29. g4 Qh6 30. g5 Qh5 31. Bf3 Qh3 32. Bxd5
Qf5 33. Bxb7 Nxb7 34. Qf3 Nd6 35. Rc1 Rc2 36. Rxc2 Qxc2 37. Qc3 Rc8 38.
Qxc2 Rxc2 39. b3 Kf8 40. Nc4 Nf5 41. Ne3 Nxe3 42. Rxe3 a6 43. Rd3 f6 44. d5
exd5 45. gxf6 gxf6 46. Bxb6 1-0

[Event "8th Gibtelecom Masters"]
[Site "Caleta ENG"]
[Date "2010.01.27"]
[Round "2"]
[White "Steinskog,A"]
[Black "Nuri,Kam"]
[Result "0-1"]
[WhiteElo "1884"]
[BlackElo "2235"]
[EventDate "2010.01.26"]

1. e4 d6 2. d4 Nf6 3. Bd3 e5 4. c3 g6 5. Nf3 Nc6 6. h3 Bg7 7. O-O O-O 8.
Be3 Kh8 9. Nbd2 Bd7 10. a4 Qe8 11. Bc2 Nh5 12. dxe5 dxe5 13. Bc5 Rg8 14.
Bb3 h6 15. Nc4 Rd8 16. Qc2 Nf4 17. Ne3 b6 18. Ba3 Na5 19. Nd5 Nxd5 20. Bxd5
Bxa4 21. b3 Rxd5 22. exd5 Bxb3 23. Qd2 Bc4 24. Rfe1 Nb3 25. Qe3 Nxa1 26.
Nxe5 0-1

[Event "8th Gibtelecom Masters"]
[Site "Caleta ENG"]
[Date "2010.01.27"]
[Round "2"]
[White "Lasinskas,P"]
[Black "Cori,J"]
[Result "0-1"]
[WhiteElo "2174"]
[BlackElo "2483"]
[EventDate "2010.01.26"]

1. d4 Nf6 2. c4 c6 3. Nf3 d5 4. Nc3 e6 5. Bg5 Nbd7 6. e3 Bd6 7. Bd3 dxc4 8.
Bxc4 O-O 9. O-O b5 10. Bd3 Bb7 11. Qe2 Re8 12. Rfd1 Qe7 13. Ne4 Bc7 14.
Rac1 Rac8 15. Bh4 a6 16. Nc5 Nxc5 17. dxc5 Rcd8 18. b4 e5 19. Bc2 Bc8 20.
Ng5 h6 21. Ne4 g5 22. Nxf6+ Qxf6 23. Bg3 Be6 24. Be4 Bc4 25. Qc2 h5 26. h3
a5 27. a3 a4 28. Rxd8 Rxd8 29. Rd1 h4 30. Bh2 Qe6 31. Rxd8+ Bxd8 32. g4
hxg3 33. Bxg3 Bf6 34. Kh2 Qd7 35. Qc3 Bd5 36. Qd3 Be6 37. Qe2 Bg7 38. Qf3
Bd5 39. Bxd5 cxd5 40. Qh5 Bf6 41. Qh6 Qe6 42. h4 g4 43. h5 d4 44. e4 d3 45.
c6 Qxc6 46. Bh4 g3+ 47. fxg3 Qc2+ 48. Kh3 Qc8+ 49. g4 Bxh4 0-1

[Event "8th Gibtelecom Masters"]
[Site "Caleta ENG"]
[Date "2010.01.27"]
[Round "2"]
[White "Cori T.,D"]
[Black "Bindrich,O"]
[Result "1-0"]
[WhiteElo "2412"]
[BlackElo "2173"]
[EventDate "2010.01.26"]

1. d4 Nf6 2. c4 g6 3. Nf3 Bg7 4. g3 O-O 5. Bg2 d6 6. Nc3 Nc6 7. O-O a6 8.
h3 Bd7 9. e4 e5 10. Be3 exd4 11. Nxd4 Qc8 12. Nxc6 bxc6 13. Kh2 Re8 14. c5
Re5 15. f4 Rh5 16. f5 gxf5 17. Kg1 f4 18. Rxf4 Bxh3 19. Rxf6 Bxf6 20. Qxh5
Bg4 21. Qh6 Bxc3 22. Qg5+ Kf8 23. cxd6 cxd6 24. Qh6+ Ke7 25. Rf1 Bxb2 26.
Bg5+ Ke8 27. Qxh7 f6 28. Qg6+ Kd7 29. Qf7+ Kd8 30. Rxf6 1-0

[Event "8th Gibtelecom Masters"]
[Site "Caleta ENG"]
[Date "2010.01.27"]
[Round "2"]
[White "Fox,An"]
[Black "Tjolsen,K"]
[Result "0-1"]
[WhiteElo "2113"]
[BlackElo "2212"]
[EventDate "2010.01.26"]

1. e4 e5 2. Nf3 Nc6 3. Bb5 Nf6 4. O-O Nxe4 5. d4 Nd6 6. Bxc6 dxc6 7. dxe5
Nf5 8. Qxd8+ Kxd8 9. Nc3 Bd7 10. Bf4 Be7 11. Rad1 Kc8 12. h3 b6 13. a3 h6
14. Rfe1 Rd8 15. g4 Nh4 16. Nxh4 Bxh4 17. Re3 Kb7 18. Red3 Be6 19. Be3 Rxd3
20. Rxd3 Be7 21. Kg2 h5 22. f3 Re8 23. Bf4 a6 24. Ne4 hxg4 25. hxg4 c5 26.
Rd2 Kc6 27. Ng5 Bd5 28. Re2 b5 29. Ne4 c4 30. c3 a5 31. Bg3 Be6 32. Bf4 Rd8
33. Bg5 Bxg5 34. Nxg5 b4 35. Nxe6 fxe6 36. axb4 axb4 37. cxb4 g5 38. f4 Rd4
39. fxg5 Rxg4+ 40. Kf3 Rxg5 41. Kf4 Rg7 42. Rh2 Kb5 43. Rh6 Rf7+ 44. Ke4
Re7 45. Rh8 Kxb4 46. Rb8+ Kc5 47. Rb7 Rh7 48. Rb8 Rh4+ 49. Ke3 Kd5 50. Rb7
c6 51. Rb6 Re4+ 52. Kd2 Rxe5 53. Rb8 Kd4 54. Rd8+ Rd5 55. Rc8 Rd6 56. Rh8
e5 57. Rh7 Kc5+ 58. Kc2 Rf6 59. Rh8 Rf2+ 60. Kc3 Rf3+ 61. Kc2 e4 62. Re8
Kd4 63. Rd8+ Ke3 64. Kc3 Kf2+ 65. Kxc4 e3 66. Re8 e2 0-1

[Event "8th Gibtelecom Masters"]
[Site "Caleta ENG"]
[Date "2010.01.27"]
[Round "2"]
[White "Demac,E"]
[Black "Tate,A"]
[Result "1-0"]
[WhiteElo "2104"]
[BlackElo "2210"]
[EventDate "2010.01.26"]

1. d4 g6 2. c4 Bg7 3. Nc3 c5 4. d5 f5 5. Nf3 Nf6 6. g3 O-O 7. Bg2 d6 8. O-O
Na6 9. Ne1 Bd7 10. Nd3 Nc7 11. a4 a6 12. a5 Rb8 13. Qc2 b5 14. axb6 Rxb6
15. h3 Qb8 16. Be3 e5 17. dxe6 Bxe6 18. Na4 Rb3 19. Bf4 Ne4 20. Bxe4 fxe4
21. Ndxc5 dxc5 22. Bxc7 Qxc7 23. Qxb3 Bxh3 24. Qb6 Qxb6 25. Nxb6 Bxf1 26.
Rxf1 Rb8 27. Na4 Bf8 28. Rb1 e3 29. f4 g5 30. fxg5 Rd8 31. Kg2 Be7 32. Kf3
Rf8+ 33. Kxe3 Bxg5+ 34. Ke4 Rf2 35. Nxc5 Rxe2+ 36. Kd5 Be3 37. Nxa6 Rc2 38.
b3 Kf7 39. Ke4 Bf2 40. g4 1-0

[Event "8th Gibtelecom Masters"]
[Site "Caleta ENG"]
[Date "2010.01.27"]
[Round "2"]
[White "Lacrosse,M"]
[Black "Lumsdon,A"]
[Result "1/2-1/2"]
[WhiteElo "2220"]
[BlackElo "2090"]
[EventDate "2010.01.26"]

1. d4 Nf6 2. Nf3 g6 3. c4 c5 4. d5 b5 5. cxb5 a6 6. e3 axb5 7. Bxb5 Qa5+ 8.
Nc3 Ba6 9. Bxa6 Qxa6 10. Qe2 Bg7 11. e4 d6 12. Nb5 O-O 13. a4 Nbd7 14. O-O
Rfb8 15. Ra3 Ne8 16. Qc2 e6 17. dxe6 fxe6 18. Rd1 Qc6 19. Qc4 Nf8 20. Ng5
Qd7 21. Rf3 Rb6 22. Rf7 Qc8 23. Re7 Bf6 24. Rxe6 Nxe6 25. Nxe6 Kh8 26. b3
Qb7 27. Nf4 Bg7 28. Nd5 Rc6 29. Bg5 Qf7 30. Rd3 Qe6 31. Rf3 Rcc8 32. h3
Rcb8 33. Bd2 Rb7 34. Bc3 Rf7 35. Bxg7+ Kxg7 36. Qc3+ Kg8 37. Rxf7 Qxf7 38.
f4 Rb8 39. g3 Qe6 40. Qc4 Qxh3 41. Ne3+ Kg7 42. Kf2 h5 43. Qc3+ Kh7 44. Ng2
Qe6 45. Qd3 Nf6 46. Kf3 Qg4+ 47. Kf2 Qe6 48. Kf3 Qg4+ 49. Kf2 Qe6 1/2-1/2

[Event "8th Gibtelecom Masters"]
[Site "Caleta ENG"]
[Date "2010.01.27"]
[Round "2"]
[White "Kandic,Mila"]
[Black "Compton,A"]
[Result "0-1"]
[WhiteElo "2216"]
[BlackElo "2066"]
[EventDate "2010.01.26"]

1. d4 e6 2. g3 c5 3. Nf3 d5 4. Bg2 Nc6 5. O-O Nf6 6. c3 Be7 7. Ne5 Qb6 8.
dxc5 Bxc5 9. Nd3 Be7 10. Be3 Qc7 11. f4 Ng4 12. Bc1 Qb6+ 13. Kh1 h5 14. h3
h4 15. Bf3 Ne3 16. Bxe3 Qxe3 17. g4 Bd7 18. Qd2 Qb6 19. a4 Na5 20. Ra2 Nc4
21. Qe1 Bc6 22. Nd2 a5 23. Nxc4 dxc4 24. Ne5 Bxf3+ 25. Rxf3 Qb3 26. Ra1 Rd8
27. g5 Rd5 28. e4 Rd8 29. Qe2 Rc8 30. Qd1 O-O 31. Qxb3 cxb3 32. Rd3 Rfd8
33. Rad1 Rxd3 34. Rxd3 f6 35. Ng6 Kf7 36. Rd7 Kxg6 37. Rxe7 Rd8 38. gxf6
Kxf6 39. Rxb7 Rd1+ 40. Kg2 Rd2+ 41. Kf3 Rxb2 42. Rb5 Rb1 43. Ke2 b2 44. Kd2
Rh1 45. Rxb2 Rh2+ 46. Kc1 Rxh3 47. Rb3 Re3 48. e5+ Kf5 49. Kd2 Kxf4 50. Rb7
g5 51. Rf7+ Ke4 52. c4 Rd3+ 53. Kc2 h3 54. c5 Rd5 0-1

[Event "8th Gibtelecom Masters"]
[Site "Caleta ENG"]
[Date "2010.01.27"]
[Round "2"]
[White "Brown,Th"]
[Black "Weeramantry,S SRI"]
[Result "1-0"]
[WhiteElo "2064"]
[BlackElo "2201"]
[EventDate "2010.01.26"]

1. d4 g6 2. c4 Nf6 3. Nc3 Bg7 4. e4 d6 5. Nf3 O-O 6. Be2 e5 7. O-O Nc6 8.
dxe5 dxe5 9. Bg5 Qxd1 10. Rfxd1 h6 11. Be3 Kh7 12. h3 Be6 13. b4 b6 14. a3
Ne8 15. c5 f5 16. Bb5 Ne7 17. Bd7 Bb3 18. Rdb1 Bc2 19. Rc1 fxe4 20. Nd2 Bd3
21. Bxe8 Raxe8 22. cxb6 cxb6 23. Ncxe4 Nd5 24. Nd6 Re6 25. N2e4 Rf4 26.
Bxf4 exf4 27. f3 Bd4+ 28. Kh2 Bxa1 29. Rxa1 Ne3 30. Rc1 g5 31. Rc3 Bf1 32.
Kg1 Be2 33. Rc7+ Kg6 34. Kf2 Bd3 35. Rxa7 Bxe4 36. Nxe4 Rc6 37. Rd7 Rc1 38.
Rd6+ Kg7 39. g4 b5 40. Rd7+ Kg6 41. Rd6+ Kg7 42. Ke2 Ra1 43. Rd7+ Kf8 44.
Rb7 Rxa3 45. Rxb5 Nc2 46. Rb8+ Ke7 47. Rb6 Nd4+ 48. Kd1 Nxf3 49. Rxh6 Re3
50. Nc5 Ng1 51. b5 f3 52. Nd3 Rxd3+ 53. Ke1 Nxh3 1-0

[Event "8th Gibtelecom Masters"]
[Site "Caleta ENG"]
[Date "2010.01.27"]
[Round "2"]
[White "Tscharotschkin,M"]
[Black "Tari,A"]
[Result "1/2-1/2"]
[WhiteElo "2211"]
[BlackElo "1932"]
[EventDate "2010.01.26"]

1. Nf3 Nf6 2. d4 g6 3. Bf4 Bg7 4. e3 O-O 5. h3 d5 6. Nbd2 Nbd7 7. Be2 c5 8.
c3 cxd4 9. cxd4 Nb6 10. Rc1 Bf5 11. Bc7 Qe8 12. b3 Nc8 13. g4 Bd7 14. O-O
Ne4 15. Nxe4 dxe4 16. Ne5 Bb5 17. Nc4 Qd7 18. Bg3 Nd6 19. Nxd6 Bxe2 20.
Qxe2 exd6 21. Qc2 d5 22. Qc7 Rfd8 23. Rc2 Bf8 24. Rfc1 Ba3 25. Qxd7 Rxd7
26. Rc7 Rad8 27. R1c2 Kg7 28. g5 Be7 29. Bf4 f6 30. h4 Kf7 31. Kg2 Ke6 32.
gxf6 Bxf6 33. Kg3 Rxc7 34. Rxc7 Rd7 35. Rc8 Rd8 36. Rc1 h5 37. Kh3 Rd7 38.
b4 a6 39. a4 Be7 40. b5 axb5 41. axb5 Bf6 42. Kg3 Be7 43. Kh3 Bf6 44. Rg1
Kf5 45. Be5 Be7 46. Rc1 Ke6 47. Rg1 Kf5 48. Bf4 Bf6 49. Bg5 Rc7 50. Bxf6
Kxf6 51. Rg5 Rd7 52. Re5 Rd6 53. Kg3 Rd8 54. f3 exf3 55. Kxf3 Rd6 56. Kf4
Rd8 57. e4 dxe4 58. Kxe4 Ra8 59. Kd5 Rd8+ 60. Kc4 b6 61. Re2 Rc8+ 62. Kd5
Rd8+ 63. Kc6 Rxd4 64. Rh2 g5 65. hxg5+ Kxg5 66. Kxb6 h4 1/2-1/2

[Event "8th Gibtelecom Masters"]
[Site "Caleta ENG"]
[Date "2010.01.27"]
[Round "2"]
[White "Henriksson,J"]
[Black "Johnson,P"]
[Result "1-0"]
[WhiteElo "2204"]
[BlackElo "1904"]
[EventDate "2010.01.26"]

1. d4 Nf6 2. Nf3 e6 3. g3 d5 4. Bg2 c5 5. O-O Nc6 6. c4 Be7 7. cxd5 exd5 8.
Nc3 O-O 9. Bg5 Be6 10. dxc5 Bxc5 11. Rc1 Be7 12. Nd4 Nxd4 13. Qxd4 Qd7 14.
Rfd1 Rfd8 15. e4 dxe4 16. Qxd7 Rxd7 17. Rxd7 Bxd7 18. Nxe4 Nxe4 19. Bxe7
Bc6 20. Bb4 Re8 21. f3 Nf6 22. Kf2 h6 23. Bf1 Nd7 24. Bc3 Nf8 25. Bd4 Ne6
26. Be3 Rd8 27. a3 a5 28. Be2 a4 29. Rd1 Rxd1 30. Bxd1 b5 31. Ke2 Kf8 32.
Kd3 Ke7 33. Kc3 Nc7 34. Bc5+ Ke6 35. Bf8 Kf6 36. Kb4 Ne6 37. Bc5 Ke5 38.
Be3 g5 39. Be2 f5 40. Bxb5 Bxf3 41. Bxa4 f4 42. gxf4+ gxf4 43. Ba7 Be2 44.
Bd7 Ng5 45. Bb8+ Ke4 46. h4 Nf3 47. Bc6+ Ke3 48. Kc3 Ba6 49. b4 Nxh4 50. b5
Bc8 51. a4 f3 52. a5 f2 53. Ba7+ Ke2 54. Bxf2 Kxf2 55. a6 1-0

[Event "8th Gibtelecom Masters"]
[Site "Caleta ENG"]
[Date "2010.01.27"]
[Round "2"]
[White "Chidi,L"]
[Black "Urbina Perez,J"]
[Result "0-1"]
[WhiteElo "1832"]
[BlackElo "2197"]
[EventDate "2010.01.26"]

1. e4 c5 2. Nf3 d6 3. d4 cxd4 4. Nxd4 Nf6 5. Nc3 a6 6. Be2 e5 7. Nb3 Be7 8.
Bg5 Nbd7 9. O-O O-O 10. Qd2 h6 11. Be3 Qc7 12. f3 b6 13. Rad1 Bb7 14. Qe1
Kh8 15. g4 Nh7 16. Qf2 Bg5 17. h4 Bxe3 18. Qxe3 Nc5 19. Nxc5 dxc5 20. Rd2
Rad8 21. Rfd1 Rd4 22. Nd5 Qd8 23. Qf2 Bxd5 24. exd5 Qxd5 25. Rxd4 exd4 26.
b3 b5 27. c3 Rd8 28. cxd4 cxd4 29. Bd3 Nf8 30. Qe2 Ne6 31. Be4 Qd6 32. Qf2
Nc5 33. Bd3 Qf4 34. Kg2 Kg8 35. Bf5 g6 36. Bb1 Ne6 37. Be4 Qe5 38. Qd2 Nf4+
39. Kf1 Rd6 40. Rc1 Qf6 41. Bf5 g5 42. h5 Nd5 43. Rc8+ Kg7 44. Qd3 Ne3+ 45.
Ke2 Nxf5 46. gxf5 Rd5 47. Re8 Rxf5 48. Qe4 Rf4 49. Qa8 d3+ 50. Kf2 g4 51.
Rg8+ Kh7 52. Rg6 Rxf3+ 53. Kg2 Qb2+ 0-1

[Event "8th Gibtelecom Masters"]
[Site "Caleta ENG"]
[Date "2010.01.27"]
[Round "2"]
[White "Fox,P"]
[Black "Kawuma,S"]
[Result "1/2-1/2"]
[WhiteElo "1788"]
[BlackElo "2187"]
[EventDate "2010.01.26"]

1. d4 Nf6 2. c4 d6 3. Nf3 g6 4. Nc3 Bg7 5. e4 O-O 6. Be2 Na6 7. Nd2 e5 8.
d5 Nc5 9. b4 Ncd7 10. Rb1 Ne8 11. h4 f5 12. Nf3 f4 13. Ng5 Ndf6 14. h5 Qe7
15. hxg6 hxg6 16. c5 Nh5 17. Bxh5 Qxg5 18. Bf3 Qe7 19. Ba3 Kf7 20. Qe2 Nf6
21. Rc1 Bd7 22. Qc4 Rac8 23. b5 b6 24. c6 Bg4 25. Qa4 g5 26. Qd1 Bxf3 27.
gxf3 Ra8 28. Qe2 Kg6 29. Kd2 Qe8 30. Bb4 Rh8 31. a4 Qc8 32. a5 Rh3 33. Rxh3
Qxh3 34. Ra1 Rc8 35. axb6 axb6 36. Ra7 g4 37. fxg4 f3 38. Qe1 Nxg4 39. Kd3
Qg2 40. Nd1 Bf8 1/2-1/2

[Event "8th Gibtelecom Masters"]
[Site "Caleta ENG"]
[Date "2010.01.27"]
[Round "2"]
[White "Ivanov,StojanE"]
[Black "Valhondo Morales,R"]
[Result "1/2-1/2"]
[WhiteElo "2198"]
[BlackElo "1762"]
[EventDate "2010.01.26"]

1. d4 Nf6 2. Nf3 g6 3. c4 Bg7 4. Nc3 O-O 5. e4 d6 6. h3 e5 7. d5 a5 8. g4
Na6 9. Bg5 Nc5 10. Qc2 h6 11. Be3 Ne8 12. Rg1 Kh7 13. O-O-O Qe7 14. Be2 c6
15. Nd2 Nc7 16. h4 N7a6 17. Nf1 Nb4 18. Qb1 cxd5 19. Nxd5 Nxd5 20. cxd5 Bd7
21. h5 Rac8 22. Kd2 gxh5 23. gxh5 f5 24. Ng3 Nxe4+ 25. Nxe4 fxe4 26. Bg4
Rc4 27. b3 Rd4+ 28. Ke1 Rxd1+ 29. Kxd1 Bxg4+ 30. Rxg4 Qf6 31. Qxe4+ Qf5 32.
Qxf5+ Rxf5 33. Rg6 Bf8 34. Re6 e4 35. Ke2 Rxd5 36. Rxe4 Rxh5 37. Rf4 Kg8
38. Kd3 Bg7 39. Ra4 Rb5 40. Rg4 Kf7 41. Rf4+ Ke6 1/2-1/2

[Event "8th Gibtelecom Masters"]
[Site "Caleta ENG"]
[Date "2010.01.27"]
[Round "2"]
[White "Byron,A"]
[Black "Matto,M"]
[Result "1-0"]
[WhiteElo "2196"]
[BlackElo "1824"]
[EventDate "2010.01.26"]

1. e4 d6 2. d4 e6 3. Nc3 Be7 4. f4 Nd7 5. Nf3 h6 6. Be2 c6 7. O-O Qc7 8.
Kh1 Nf8 9. Be3 Bd7 10. Qd2 Nf6 11. e5 Nd5 12. Bg1 O-O-O 13. Ne4 f5 14. exd6
Bxd6 15. Nxd6+ Qxd6 16. Ne5 Be8 17. Qa5 Kb8 18. c4 b6 19. Qe1 Nf6 20. a4 g5
21. a5 c5 22. axb6 axb6 23. dxc5 Qd2 24. Bf3 Ne4 25. Bxe4 Qxe1 26. Ra8+ Kc7
27. cxb6+ Kd6 28. Rxd8+ Ke7 29. Rxe8+ Kxe8 30. Bc6+ 1-0

[Event "8th Gibtelecom Masters"]
[Site "Caleta ENG"]
[Date "2010.01.27"]
[Round "2"]
[White "Winkler,St"]
[Black "Jaime Montalvan,L"]
[Result "0-1"]
[WhiteElo "1916"]
[BlackElo "2183"]
[EventDate "2010.01.26"]

1. e4 c5 2. Nf3 d6 3. d4 cxd4 4. Nxd4 Nf6 5. Nc3 a6 6. f3 e5 7. Nb3 Be7 8.
Be3 Be6 9. Qd2 O-O 10. O-O-O Qc7 11. Kb1 Rc8 12. g4 Nbd7 13. g5 Nh5 14. Bd3
b5 15. Nd5 Bxd5 16. exd5 Nb6 17. Bxb6 Qxb6 18. Na5 Nf4 19. Nc6 Bxg5 20. h4
Bf6 21. Be4 h5 22. Rdg1 Bxh4 23. Rxg7+ Kxg7 24. Rxh4 Qg1+ 25. Qc1 Qxc1+ 26.
Kxc1 Kf6 27. Rh1 Rh8 28. Kd2 h4 29. Ke3 h3 30. Nb4 h2 31. Nd3 Nxd3 32. Bxd3
Rag8 33. Kf2 Rg1 34. Rxg1 hxg1=Q+ 35. Kxg1 Kg5 36. a4 bxa4 37. Bxa6 Rb8 0-1